| 000 | 00450nam a2200157 4500 | ||
|---|---|---|---|
| 005 | 20260703105247.0 | ||
| 008 | 260703b |||||||| |||| 00| 0 eng d | ||
| 100 | _aMorse Warner | ||
| 245 |
_aStudy guide for logic and philosophy / _cWarmer Morse. |
||
| 260 |
_aBelmont, California . _bWadsworth publishing company . _c1973 |
||
| 300 |
_a389p. _billus. |
||
| 650 |
_alogic _91741 |
||
| 650 | _aphilosophy | ||
| 650 |
_aReasoning _9271 |
||
| 942 | _cBK | ||
| 999 |
_c41586 _d41586 |
||